<?xml version="1.0" encoding="UTF-8"?><?xml-stylesheet type="text/xsl" href="static/style.xsl"?><OAI-PMH xmlns="http://www.openarchives.org/OAI/2.0/" xmlns:xsi="http://www.w3.org/2001/XMLSchema-instance" xsi:schemaLocation="http://www.openarchives.org/OAI/2.0/ http://www.openarchives.org/OAI/2.0/OAI-PMH.xsd"><responseDate>2026-04-14T21:05:48Z</responseDate><request verb="GetRecord" identifier="oai:uvadoc.uva.es:10324/2896" metadataPrefix="marc">https://uvadoc.uva.es/oai/request</request><GetRecord><record><header><identifier>oai:uvadoc.uva.es:10324/2896</identifier><datestamp>2021-06-23T09:54:45Z</datestamp><setSpec>com_10324_1138</setSpec><setSpec>com_10324_931</setSpec><setSpec>com_10324_894</setSpec><setSpec>col_10324_1226</setSpec></header><metadata><record xmlns="http://www.loc.gov/MARC21/slim" xmlns:doc="http://www.lyncode.com/xoai" xmlns:xsi="http://www.w3.org/2001/XMLSchema-instance" xmlns:dcterms="http://purl.org/dc/terms/" xsi:schemaLocation="http://www.loc.gov/MARC21/slim http://www.loc.gov/standards/marcxml/schema/MARC21slim.xsd">
<leader>00925njm 22002777a 4500</leader>
<datafield tag="042" ind1=" " ind2=" ">
<subfield code="a">dc</subfield>
</datafield>
<datafield tag="720" ind1=" " ind2=" ">
<subfield code="a">Decousus, Herve</subfield>
<subfield code="e">author</subfield>
</datafield>
<datafield tag="720" ind1=" " ind2=" ">
<subfield code="a">Prandoni, Paolo</subfield>
<subfield code="e">author</subfield>
</datafield>
<datafield tag="720" ind1=" " ind2=" ">
<subfield code="a">Mismetti, Patrick</subfield>
<subfield code="e">author</subfield>
</datafield>
<datafield tag="720" ind1=" " ind2=" ">
<subfield code="a">Vaquero Puerta, Carlos</subfield>
<subfield code="e">author</subfield>
</datafield>
<datafield tag="720" ind1=" " ind2=" ">
<subfield code="a">Bauersachs, Rupert M.</subfield>
<subfield code="e">author</subfield>
</datafield>
<datafield tag="720" ind1=" " ind2=" ">
<subfield code="a">Boda, Zoltan</subfield>
<subfield code="e">author</subfield>
</datafield>
<datafield tag="720" ind1=" " ind2=" ">
<subfield code="a">Calixto Study Group</subfield>
<subfield code="e">author</subfield>
</datafield>
<datafield tag="260" ind1=" " ind2=" ">
<subfield code="c">2010</subfield>
</datafield>
<datafield tag="520" ind1=" " ind2=" ">
<subfield code="a">The efficacy and safety of anticoagulant treatment for patients with acute, symptom- atic superf &#xd;
icial-vein thrombosis  in the legs, but without concomitant  deep-vein thrombosis or symptomatic &#xd;
pulmonary embolism at presentation, have not been es- tablished.&#xd;
&#xd;
Methods&#xd;
In a randomized, double-blind trial, we assigned 3002 patients to receive either fonda- parinux, &#xd;
administered subcutaneously at a dose of 2.5 mg once daily, or placebo for&#xd;
45 days. The primary eff icacy outcome was a composite of death from any cause or symptomatic &#xd;
pulmonary embolism, symptomatic deep-vein thrombosis, or symp- tomatic extension to the &#xd;
saphenofemoral junction or symptomatic recurrence of superf icial-vein thrombosis at day 47. The &#xd;
main safety outcome was major bleeding. The patients were followed until day 77.&#xd;
&#xd;
Results&#xd;
The primary eff icacy outcome occurred in 13 of 1502 patients (0.9%) in the fonda- parinux group &#xd;
and 88 of 1500 patients (5.9%) in the placebo group (relative risk reduction with fondaparinux, &#xd;
85%; 95% conf idence interval [CI], 74 to 92; P&lt;0.001). The incidence of each component of the &#xd;
primary efficacy outcome was significantly reduced in the fondaparinux group as compared with the &#xd;
placebo group, except for the outcome of death (0.1% in both groups). The rate of pulmonary &#xd;
embolism or deep-vein thrombosis  was 85% lower in the fondaparinux group than in the pla- cebo &#xd;
group (0.2% vs. 1.3%; 95% CI, 50 to 95; P&lt;0.001). Similar risk reductions were observed at day 77. &#xd;
A total of 88 patients would need to be treated to prevent one instance of pulmonary embolism or &#xd;
deep-vein thrombosis. Major bleeding occurred in one patient in each group. The incidence of &#xd;
serious adverse events was 0.7% with fondaparinux and 1.1% with placebo.&#xd;
&#xd;
Conclusions&#xd;
Fondaparinux at a dose of 2.5 mg once a day for 45 days was effective in the treat- ment of &#xd;
patients with acute, symptomatic superf icial-vein thrombosis  of the legs and did not have serious &#xd;
side effects. (Funded by GlaxoSmithKline; ClinicalTrials&#xd;
.gov number, NCT00443053.)</subfield>
</datafield>
<datafield tag="024" ind2=" " ind1="8">
<subfield code="a">New England Journal of Medicine, Sept. 2010 p.363-373</subfield>
</datafield>
<datafield tag="024" ind2=" " ind1="8">
<subfield code="a">0028-4793</subfield>
</datafield>
<datafield tag="024" ind2=" " ind1="8">
<subfield code="a">http://uvadoc.uva.es/handle/10324/2896</subfield>
</datafield>
<datafield tag="024" ind2=" " ind1="8">
<subfield code="a">363</subfield>
</datafield>
<datafield tag="024" ind2=" " ind1="8">
<subfield code="a">23</subfield>
</datafield>
<datafield tag="024" ind2=" " ind1="8">
<subfield code="a">373</subfield>
</datafield>
<datafield tag="024" ind2=" " ind1="8">
<subfield code="a">New England Journal of Medicine</subfield>
</datafield>
<datafield ind1=" " ind2=" " tag="653">
<subfield code="a">Trombosis-Atención médica</subfield>
</datafield>
<datafield tag="245" ind1="0" ind2="0">
<subfield code="a">Fondaparinux for the treatment of superficial vein thrombosis in the legs</subfield>
</datafield>
</record></metadata></record></GetRecord></OAI-PMH>